[Event "SR 2. liga A 2010/2011"]
[Site "?"]
[Date "2011.02.05"]
[Round "31.4"]
[White "Kebis, Milos"]
[Black "Gazi, Mikulas"]
[Result "1-0"]
[WhiteElo "1994"]
[BlackElo "2138"]
[PlyCount "117"]
[EventDate "2010.??.??"]
[WhiteTeam "Slovakia"]
[BlackTeam "Slovakia"]
[WhiteTeamCountry "SVK"]
[BlackTeamCountry "SVK"]

1. c4 Nf6 2. Nc3 d5 3. d4 g6 4. Nf3 Bg7 5. Bf4 O-O 6. cxd5 Nxd5 7. Nxd5 Qxd5 8.
Bxc7 Bf5 9. Qb3 Qxb3 10. axb3 Nc6 11. e3 Rfc8 12. Bg3 Nb4 13. Bc4 Nc2+ 14. Kd2
Nxa1 15. Rxa1 e6 16. Ne1 g5 17. Nd3 h5 18. h4 gxh4 19. Bxh4 a6 20. Nf4 b5 21.
Bd3 Bxd3 22. Kxd3 a5 23. Nxh5 a4 24. Nxg7 Kxg7 25. Be7 Ra7 26. Bc5 Rd7 27. Kc3
Ra8 28. Kb4 Rb7 29. g4 Kg6 30. f4 f5 31. Rg1 fxg4 32. Rxg4+ Kf6 33. Bd6 axb3
34. Rg5 Ra4+ 35. Kxb3 Rb6 36. Be5+ Kf7 37. Rg7+ Kf8 38. Rc7 Raa6 39. Bf6 Rc6
40. Be7+ Kf7 41. Rxc6 Rxc6 42. Bc5 Ra6 43. e4 Ra4 44. Bb4 Kg6 45. Kc3 Kh5 46.
d5 exd5 47. exd5 Kg4 48. d6 Ra1 49. Kd3 Ra7 50. Ke4 Ra1 51. Kd5 Rd1+ 52. Ke6
Rd3 53. d7 Re3+ 54. Kf7 Rd3 55. Ke8 Kxf4 56. d8=Q Rxd8+ 57. Kxd8 Ke4 58. Bc5
Kd5 59. b4 1-0

[Event "SR 2. liga A 2010/2011"]
[Site "?"]
[Date "2011.02.05"]
[Round "31.5"]
[White "Hartl, Jan"]
[Black "Povysil, Peter"]
[Result "1-0"]
[WhiteElo "2118"]
[BlackElo "2012"]
[PlyCount "82"]
[EventDate "2010.??.??"]
[WhiteTeam "Slovakia"]
[BlackTeam "Slovakia"]
[WhiteTeamCountry "SVK"]
[BlackTeamCountry "SVK"]

1. e4 e6 2. d4 d5 3. e5 c5 4. c3 Nc6 5. Nf3 Qb6 6. Bd3 Bd7 7. dxc5 Bxc5 8. O-O
Qc7 9. b4 Bb6 10. Re1 Nge7 11. a4 a6 12. Ba3 Ng6 13. Qe2 Nf4 14. Qd2 Nxd3 15.
Qxd3 Ne7 16. a5 Ba7 17. Nd4 Rc8 18. Bb2 Ng6 19. Qe3 O-O 20. Nd2 f6 21. f4 Nxf4
22. Qxf4 Bb8 23. N2f3 Qd8 24. Qh4 Rc4 25. Re3 Qe8 26. Qh3 Kh8 27. Rae1 Qf7 28.
R3e2 fxe5 29. Rxe5 Bxe5 30. Rxe5 Qg6 31. Qg3 Qb1+ 32. Re1 Qxb2 33. Qd6 Rcc8 34.
Qxd7 Qxc3 35. Qxe6 Qxb4 36. Qxd5 Rcd8 37. Qe4 Qxa5 38. Ne6 Rde8 39. Qxb7 Qc3
40. Qe4 Rf6 41. Qa4 Rfxe6 1-0

[Event "SR 2. liga A 2010/2011"]
[Site "?"]
[Date "2011.02.05"]
[Round "31.6"]
[White "Dolnak, Michal"]
[Black "Beles, Milan"]
[Result "1-0"]
[WhiteElo "1878"]
[BlackElo "2099"]
[PlyCount "59"]
[EventDate "2010.??.??"]
[WhiteTeam "Slovakia"]
[BlackTeam "Slovakia"]
[WhiteTeamCountry "SVK"]
[BlackTeamCountry "SVK"]

1. d4 d5 2. c4 dxc4 3. Nc3 Nf6 4. Nf3 e6 5. Bg5 Be7 6. e3 c5 7. Bxc4 O-O 8. O-O
Nc6 9. dxc5 Qa5 10. Bb5 Bxc5 11. Rc1 Be7 12. Qe2 Bd7 13. Rfd1 Rfd8 14. e4 a6
15. Ba4 b5 16. Bc2 b4 17. e5 bxc3 18. exf6 Bxf6 19. Bxf6 gxf6 20. bxc3 Ne5 21.
Qe4 Nxf3+ 22. Qxf3 Rac8 23. Qxf6 Bc6 24. Qh6 Be8 25. Bxh7+ Kh8 26. Bb1+ Kg8 27.
h3 Rxc3 28. Bh7+ Kh8 29. Bc2+ Kg8 30. Rxd8 1-0

[Event "SR 2. liga A 2010/2011"]
[Site "?"]
[Date "2011.02.05"]
[Round "31.7"]
[White "Kimerling, Martin"]
[Black "Holubcik, Marian"]
[Result "0-1"]
[WhiteElo "1920"]
[BlackElo "1968"]
[PlyCount "52"]
[EventDate "2010.??.??"]
[WhiteTeam "Slovakia"]
[BlackTeam "Slovakia"]
[WhiteTeamCountry "SVK"]
[BlackTeamCountry "SVK"]

1. d4 f5 2. g3 Nf6 3. Bg2 e6 4. c4 d5 5. Nh3 c6 6. O-O Bd6 7. Bf4 O-O 8. Nd2
Bxf4 9. Nxf4 Qe7 10. e3 Nbd7 11. Rb1 Ne4 12. Nxe4 fxe4 13. b4 dxc4 14. Bxe4 e5
15. dxe5 Nxe5 16. Qc2 g5 17. Ne2 Be6 18. Nd4 Bd5 19. Bxd5+ cxd5 20. e4 dxe4 21.
Rfe1 Rae8 22. Kg2 Qf7 23. Rxe4 Qd5 24. Kf1 Nd3 25. Rxe8 Rxe8 26. Ne2 Rf8 0-1

[Event "SR 2. liga A 2010/2011"]
[Site "?"]
[Date "2011.02.05"]
[Round "31.8"]
[White "Mikulasek, Viktor"]
[Black "Syrovy, Ivan"]
[Result "1-0"]
[WhiteElo "1928"]
[BlackElo "2071"]
[PlyCount "91"]
[EventDate "2010.??.??"]
[WhiteTeam "Slovakia"]
[BlackTeam "Slovakia"]
[WhiteTeamCountry "SVK"]
[BlackTeamCountry "SVK"]

1. e4 c5 2. Nf3 g6 3. d4 cxd4 4. Nxd4 Nc6 5. Bc4 Bg7 6. Be3 Nf6 7. Nc3 a6 8. a3
O-O 9. Nxc6 bxc6 10. Qd2 Ng4 11. Bg5 d6 12. f3 Ne5 13. Bb3 Re8 14. Bh6 Bh8 15.
h4 Be6 16. Bxe6 fxe6 17. h5 Rb8 18. Nd1 Nc4 19. Qg5 Qa5+ 20. Qxa5 Nxa5 21. Ra2
Nc4 22. b3 Ne5 23. Bc1 c5 24. Ne3 Bg7 25. f4 Nc6 26. f5 exf5 27. exf5 gxf5 28.
Nxf5 Nd4 29. Nxg7 Kxg7 30. Bb2 e5 31. Kd2 Rf8 32. Rg1 Rf2+ 33. Kd3 Nxb3 34. Ke3
Rf4 35. cxb3 Rxb3+ 36. Ke2 c4 37. h6+ Kg6 38. Rd1 Rf6 39. Bc1 Rb5 40. Rad2 Rb6
41. Rc2 Rc6 42. Rc3 Kf7 43. Rg3 Rg6 44. Rf1+ Ke6 45. Rxg6+ hxg6 46. Bg5 1-0

[Event "SR 2. liga A 2010/2011"]
[Site "?"]
[Date "2011.02.05"]
[Round "32.1"]
[White "Bezuch, Martin"]
[Black "Federic, Jozef"]
[Result "1/2-1/2"]
[WhiteElo "2198"]
[BlackElo "2283"]
[PlyCount "100"]
[EventDate "2010.??.??"]
[WhiteTeam "Slovakia"]
[BlackTeam "Slovakia"]
[WhiteTeamCountry "SVK"]
[BlackTeamCountry "SVK"]

1. Nf3 d5 2. c4 e6 3. e3 Be7 4. Be2 Nf6 5. O-O Nbd7 6. Qc2 O-O 7. a3 Re8 8. d3
Bd6 9. b4 c6 10. Bb2 e5 11. Nbd2 Nf8 12. cxd5 cxd5 13. d4 e4 14. Ne5 N6d7 15.
f4 exf3 16. Ndxf3 Nxe5 17. dxe5 Bc7 18. Rad1 Ng6 19. Bb5 Re7 20. Bd3 Bg4 21.
Be4 Bb6 22. Qb3 Be6 23. Bxd5 Bxe3+ 24. Qxe3 Bxd5 25. Rd3 Rd7 26. Rfd1 Ne7 27.
Kh1 Qb6 28. Qxb6 axb6 29. Kg1 Rad8 30. Kf2 Bc6 31. Rxd7 Rxd7 32. Rxd7 Bxd7 33.
Ke3 Kf8 34. Nd2 Bc6 35. g3 Nd5+ 36. Kd3 Ke7 37. Bd4 Ke6 38. Kc4 b5+ 39. Kd3 Ne7
40. Nb3 Ng6 41. Nc5+ Kd5 42. e6 f6 43. h4 b6 44. Nb3 Kxe6 45. Bxb6 Kd5 46. Ke3
Ne5 47. Nd2 h5 48. Bc5 Nd7 49. Bd4 Nf8 50. Kd3 Ne6 {remis} 1/2-1/2

[Event "SR 2. liga A 2010/2011"]
[Site "?"]
[Date "2011.02.05"]
[Round "32.2"]
[White "Federic, Pavol"]
[Black "Peitl, Tomas"]
[Result "1-0"]
[WhiteElo "2213"]
[BlackElo "2171"]
[PlyCount "107"]
[EventDate "2010.??.??"]
[WhiteTeam "Slovakia"]
[BlackTeam "Slovakia"]
[WhiteTeamCountry "SVK"]
[BlackTeamCountry "SVK"]

1. e4 e6 2. d4 d5 3. exd5 exd5 4. c4 Nf6 5. Nc3 Be6 6. Bg5 Be7 7. Qb3 Nc6 8.
Nf3 Na5 9. Qa4+ c6 10. cxd5 Nxd5 11. Bd2 b6 12. Ne5 Rc8 13. Ba6 Rc7 14. O-O Nb4
15. Be2 Qxd4 16. Nf3 Qd7 17. Nb5 cxb5 18. Bxb5 Nbc6 19. Bxa5 bxa5 20. Rfd1 Qc8
21. Bxc6+ Kf8 22. Bd5 Bxd5 23. Rxd5 Rc1+ 24. Rxc1 Qxc1+ 25. Rd1 Qxb2 26. Qxa5
Qb6 27. Qd5 g6 28. Ne5 Qe6 29. Qxe6 fxe6 30. Rd7 Bc5 31. Rf7+ Kg8 32. Rb7 h6
33. Nxg6 Rh7 34. Rxh7 Kxh7 35. Ne5 Kg7 36. Kf1 Bd6 37. Nc6 Bc5 38. Ke2 Kf6 39.
f4 Kf5 40. Kf3 h5 41. g3 a6 42. h3 Bd6 43. Nd4+ Kf6 44. Ke4 e5 45. Nf5 Bb8 46.
Ne3 exf4 47. gxf4 Bd6 48. Nd5+ Ke6 49. f5+ Kf7 50. Nf4 h4 51. Nd5 Kg7 52. Kf3
Kh6 53. Kg4 Bg3 54. Nf4 1-0

[Event "SR 2. liga A 2010/2011"]
[Site "?"]
[Date "2011.02.05"]
[Round "32.3"]
[White "Oprea, Erik"]
[Black "Mydlarik, Martin"]
[Result "0-1"]
[WhiteElo "2116"]
[BlackElo "2136"]
[PlyCount "98"]
[EventDate "2010.??.??"]
[WhiteTeam "Slovakia"]
[BlackTeam "Slovakia"]
[WhiteTeamCountry "SVK"]
[BlackTeamCountry "SVK"]

1. g3 Nf6 2. Bg2 d5 3. c4 e6 4. Nc3 d4 5. Ne4 Nxe4 6. Bxe4 Nd7 7. d3 Bb4+ 8.
Bd2 Bxd2+ 9. Qxd2 O-O 10. h4 f5 11. Bg2 e5 12. Nh3 Nf6 13. Qb4 c6 14. Qb3 Qe7
15. O-O-O Qc5 16. Kb1 Kh8 17. Ng5 h6 18. Qc2 Bd7 19. Qc1 Ng4 20. Nh3 Rfe8 21.
Rdf1 a5 22. Bf3 Nf6 23. Ng5 Kg8 24. Nh3 a4 25. e3 Rad8 26. Bd1 a3 27. b3 Be6
28. Be2 b5 29. cxb5 Qxb5 30. exd4 Rxd4 31. Qxa3 Nd5 32. Rc1 Nb4 33. Rhd1 Red8
34. Rc3 f4 35. Ng1 fxg3 36. fxg3 e4 37. Qa7 exd3 38. Bf1 Qh5 39. Rd2 Qg6 40.
Nf3 R4d7 41. Ne5 Qxg3 42. Nxd7 Qe1+ 43. Rc1 Qxd2 44. Ne5 Rf8 45. Ng6 Rf2 46.
Qa3 Nxa2 47. Qa8+ Kh7 48. Nf8+ Rxf8 49. Qxa2 Qxc1+ 0-1

[Event "SR 2. liga A 2010/2011"]
[Site "?"]
[Date "2011.02.05"]
[Round "32.4"]
[White "Kundrak, Vladimir"]
[Black "Hricak, Vasil"]
[Result "0-1"]
[WhiteElo "1961"]
[BlackElo "2051"]
[PlyCount "72"]
[EventDate "2010.??.??"]
[WhiteTeam "Slovakia"]
[BlackTeam "Slovakia"]
[WhiteTeamCountry "SVK"]
[BlackTeamCountry "SVK"]

1. d3 d5 2. g3 e5 3. Bg2 c6 4. Nd2 f5 5. e3 Nf6 6. Ne2 Bd6 7. b3 O-O 8. Bb2 f4
9. gxf4 exf4 10. exf4 Ng4 11. h3 Nh6 12. Nf3 Bb4+ 13. c3 Bd6 14. Qd2 a5 15. Ne5
Nf5 16. O-O-O a4 17. b4 a3 18. Ba1 Nd7 19. c4 Nf6 20. c5 Bc7 21. Rdg1 Bd7 22.
Bf3 b6 23. Bg4 bxc5 24. Bxf5 Bxf5 25. Nxc6 Qe8 26. Ne5 cxb4 27. Ng3 Bd7 28.
Qxb4 Qc8 29. Qc3 d4 30. Qc2 Ra6 31. Nxd7 Nxd7 32. Nh5 Rc6 33. Rxg7+ Kh8 34.
Bxd4 Rxc2+ 35. Kd1 Be5 36. Nf6 Bxf6 0-1

[Event "SR 2. liga A 2010/2011"]
[Site "?"]
[Date "2011.02.05"]
[Round "32.5"]
[White "Prikler, Bruno"]
[Black "Sustak, Roman"]
[Result "0-1"]
[WhiteElo "1962"]
[BlackElo "1966"]
[PlyCount "102"]
[EventDate "2010.??.??"]
[WhiteTeam "Slovakia"]
[BlackTeam "Slovakia"]
[WhiteTeamCountry "SVK"]
[BlackTeamCountry "SVK"]

1. g3 Nf6 2. Bg2 g6 3. d3 Bg7 4. Nd2 d6 5. Rb1 c5 6. a3 Na6 7. e4 Rb8 8. Ne2
O-O 9. O-O Nd7 10. b3 b5 11. Bb2 Ne5 12. h3 Nc7 13. f4 Nc6 14. Bxg7 Kxg7 15. f5
d5 16. Qc1 d4 17. g4 Ne5 18. Qb2 f6 19. b4 cxb4 20. axb4 Nc6 21. Nf3 e5 22. h4
Na6 23. Ng3 Naxb4 24. g5 a5 25. fxg6 hxg6 26. gxf6+ Rxf6 27. Ng5 Rb7 28. Rxf6
Qxf6 29. Rf1 Qd6 30. h5 Nd8 31. hxg6 Qxg6 32. Qc1 Nf7 33. Nf5+ Bxf5 34. exf5
Qxg5 35. Qxg5+ Nxg5 36. Bxb7 Kf6 37. Bc8 Nh3+ 38. Kh2 Nf4 39. Bd7 Nxc2 40. Bxb5
Nb4 41. Bd7 Nbxd3 42. Ra1 Nc5 43. Bc8 a4 44. Kg3 Ne2+ 45. Kf2 $11 Nc3 46. Rg1
a3 47. Rg6+ Kf7 48. Be6+ Nxe6 49. Rxe6 a2 50. Ra6 e4 51. Kf1 e3 {0} 0-1

[Event "SR 2. liga A 2010/2011"]
[Site "?"]
[Date "2011.02.05"]
[Round "32.6"]
[White "Soldan, Jan"]
[Black "Jurcak, Marian"]
[Result "1/2-1/2"]
[WhiteElo "1884"]
[BlackElo "1953"]
[PlyCount "82"]
[EventDate "2010.??.??"]
[WhiteTeam "Slovakia"]
[BlackTeam "Slovakia"]
[WhiteTeamCountry "SVK"]
[BlackTeamCountry "SVK"]

1. e4 d5 2. exd5 Nf6 3. d4 Nxd5 4. c4 Nf6 5. Nf3 Bg4 6. Be2 e6 7. h3 Bh5 8. O-O
Be7 9. Be3 O-O 10. Nc3 c6 11. Ne5 Bxe2 12. Nxe2 Nbd7 13. Ng3 Qc7 14. f4 Rad8
15. Qe2 c5 16. b3 Bd6 17. Nxd7 Rxd7 18. dxc5 Bxc5 19. Kh1 Rfd8 20. Bxc5 Qxc5
21. Rad1 h6 22. Rxd7 Rxd7 23. f5 e5 24. Re1 Re7 25. Ne4 Nxe4 26. Qxe4 f6 27.
Rd1 Qc7 28. g4 Rd7 29. Rd3 Kf8 30. Kg2 Ke7 31. Kf3 a5 32. Rxd7+ Qxd7 33. Ke2
Qc6 34. Qxc6 bxc6 35. a3 Kd6 36. b4 a4 37. Kd3 Kc7 38. Ke4 Kb6 39. Kd3 Kc7 40.
Ke4 Kd6 41. Kd3 Kd7 1/2-1/2

[Event "SR 2. liga A 2010/2011"]
[Site "?"]
[Date "2011.02.05"]
[Round "32.7"]
[White "Hurban, Martin"]
[Black "Horvath, Marek"]
[Result "1-0"]
[WhiteElo "1934"]
[BlackElo "1820"]
[PlyCount "113"]
[EventDate "2010.??.??"]
[WhiteTeam "Slovakia"]
[BlackTeam "Slovakia"]
[WhiteTeamCountry "SVK"]
[BlackTeamCountry "SVK"]

1. e4 e5 2. Nf3 Nf6 3. Nxe5 d6 4. Nf3 Nxe4 5. d4 d5 6. Bd3 Nc6 7. O-O Be7 8. c4
Nb4 9. Nc3 Nxc3 10. bxc3 Nxd3 11. Qxd3 dxc4 12. Qxc4 O-O {Bf4c6} 13. Bf4 c6 14.
Rab1 Be6 15. Qa4 b5 16. Qc2 Qd5 17. Rbe1 Bf6 18. Re2 Bf5 19. Qd2 Qc4 20. Rfe1
Be6 21. Ne5 Qd5 22. Qe3 a5 23. Qg3 c5 24. dxc5 Qxc5 25. Re3 Rfd8 26. Ng4 Bxg4
27. Qxg4 Bxc3 28. Rc1 b4 29. Be5 Qf8 30. Bxc3 Rac8 31. Bb2 Rxc1+ 32. Bxc1 a4
33. h3 g6 34. Qe2 Qd6 35. Bb2 h5 36. Re4 f5 37. Qc4+ Kf8 38. Rd4 Qe7 39. Rxd8+
Qxd8 40. Qxb4+ Kg8 41. Qd4 Qxd4 42. Bxd4 Kf7 43. f4 Ke6 44. Kf2 Kd5 45. Ke3 Kc4
46. a3 Kb3 47. Bc5 Kc3 48. Be7 Kc2 49. Kf3 Kd2 50. g4 fxg4+ 51. hxg4 hxg4+ 52.
Kxg4 Ke3 53. Kg5 Ke4 54. Bd6 Kd5 55. Be5 Ke6 56. Kxg6 Ke7 57. f5 1-0

[Event "SR 2. liga A 2010/2011"]
[Site "?"]
[Date "2011.02.05"]
[Round "33.1"]
[White "Schwarz, Dusan"]
[Black "Kleman, Miroslav"]
[Result "1-0"]
[WhiteElo "2294"]
[BlackElo "2266"]
[PlyCount "161"]
[EventDate "2010.??.??"]
[WhiteTeam "Slovakia"]
[BlackTeam "Slovakia"]
[WhiteTeamCountry "SVK"]
[BlackTeamCountry "SVK"]

1. d4 Nf6 2. c4 c5 3. d5 e5 4. Nc3 d6 5. e4 Nbd7 6. Bd3 Be7 7. Be3 g6 8. f3 h5
9. Qd2 Nh7 10. g3 h4 11. Qg2 Bg5 12. f4 Bf6 13. Nf3 a6 14. f5 Rb8 15. fxg6 fxg6
16. O-O-O Ndf8 17. gxh4 Bxh4 18. Rdf1 Bd7 19. Rhg1 Bf6 20. h4 Bxh4 21. Nxh4
Qxh4 22. Rh1 Qe7 23. Rxf8+ Qxf8 24. Qxg6+ Kd8 25. Rxh7 Rxh7 26. Qxh7 Kc7 27.
Be2 Qh8 28. Qxh8 Rxh8 29. a3 Rh3 30. Bd2 Rh1+ 31. Kc2 Bh3 32. b4 b6 33. bxc5
bxc5 34. Nd1 Bg2 35. Ba5+ Kb7 36. Nc3 Rh4 37. Kd3 Rh3+ 38. Kd2 Bh1 39. Bg4 Rh8
40. Ke2 Rh2+ 41. Ke3 Rg2 42. Bf5 Rc2 43. Bh3 Rh2 44. Bf1 Bg2 45. Bxg2 Rxg2 46.
Ne2 Rh2 47. Bc3 Kb6 48. a4 Rh1 49. a5+ Kc7 50. Ng3 Rc1 51. Kd2 Rg1 52. Nf5 Rh1
53. Kd3 Rh3+ 54. Kc2 Rh2+ 55. Bd2 Kd7 56. Kd1 Rh1+ 57. Be1 Rh2 58. Bd2 Rh1+ 59.
Ke2 Rh2+ 60. Kd3 Rh3+ 61. Be3 Kc7 62. Ke2 Rh2+ 63. Kf3 Rc2 64. Bh6 Rxc4 65. Bf8
Rc3+ 66. Ke2 c4 67. Bxd6+ Kd7 68. Bxe5 Ra3 69. Ne3 c3 70. Nc2 Rxa5 71. Bxc3 Rb5
72. Kd3 a5 73. Kc4 Rb8 74. Bxa5 Rc8+ 75. Kd3 Kd6 76. Bb4+ Ke5 77. Ne3 Rd8 78.
Nc4+ Kf4 79. Kd4 Re8 80. Bd2+ Kg4 81. e5 1-0

[Event "SR 2. liga A 2010/2011"]
[Site "?"]
[Date "2011.02.05"]
[Round "33.2"]
[White "Certek, Pavel"]
[Black "Janos, Martin"]
[Result "1-0"]
[WhiteElo "2250"]
[BlackElo "2250"]
[PlyCount "125"]
[EventDate "2010.??.??"]
[WhiteTeam "Slovakia"]
[BlackTeam "Slovakia"]
[WhiteTeamCountry "SVK"]
[BlackTeamCountry "SVK"]

1. Nf3 c5 2. g3 Nc6 3. Bg2 f5 4. d4 cxd4 5. Nxd4 Nf6 6. O-O g6 7. c4 Qb6 8. Nb3
Bg7 9. Nc3 O-O 10. Bg5 Qd8 11. Nd5 Ne4 12. Bxe4 fxe4 13. Qd2 Rf7 14. Nc5 Ne5
15. Nxe4 Qf8 16. Rac1 h6 17. Be3 b6 18. f3 Bb7 19. b3 Rd8 20. c5 bxc5 21. Nxc5
Ba8 22. Nf4 g5 23. Nfd3 Ng6 24. Qa5 e5 25. Rcd1 Qe8 26. Na6 Rc8 27. Ndc5 d5 28.
b4 Qc6 29. Rc1 Rcf8 30. Nd3 Qd7 31. Rc7 Qf5 32. Bc5 e4 33. Rxf7 Rxf7 34. Qd8+
Kh7 35. Qxa8 exd3 36. e4 dxe4 37. Qxe4 Ne5 38. Qxf5+ Rxf5 39. Kg2 Nc4 40. Bxa7
d2 41. Kf2 Nb2 42. Ke2 Rd5 43. Rd1 Bc3 44. Nc5 Bxb4 45. Ne4 Nxd1 46. Nf6+ Kg6
47. Nxd5 Nb2 48. Ne3 Kf7 49. Bd4 Na4 50. Nc4 Ke6 51. Nxd2 Kd5 52. Bg7 h5 53.
Ne4 Be7 54. Nc3+ Nxc3+ 55. Bxc3 g4 56. Bd2 Bc5 57. Be3 Ba3 58. Kf2 Kc4 59. Kg2
Kc3 60. h3 gxf3+ 61. Kxf3 Kb2 62. Ke4 Kxa2 63. Kf5 1-0

[Event "SR 2. liga A 2010/2011"]
[Site "?"]
[Date "2011.02.05"]
[Round "33.3"]
[White "Janos, Jozef"]
[Black "Tepper, Frantisek"]
[Result "1/2-1/2"]
[WhiteElo "2196"]
[BlackElo "2162"]
[PlyCount "29"]
[EventDate "2010.??.??"]
[WhiteTeam "Slovakia"]
[BlackTeam "Slovakia"]
[WhiteTeamCountry "SVK"]
[BlackTeamCountry "SVK"]

1. c4 Nf6 2. Nc3 e5 3. g3 c6 4. Bg2 d5 5. cxd5 cxd5 6. d4 exd4 7. Qxd4 Nc6 8.
Qa4 d4 9. Nb1 Qb6 10. Nf3 Bb4+ 11. Nbd2 O-O 12. O-O Bd7 13. Qd1 Rfd8 14. a3 Be7
15. Ne1 1/2-1/2

[Event "SR 2. liga A 2010/2011"]
[Site "?"]
[Date "2011.02.05"]
[Round "33.4"]
[White "Fabry, Robert"]
[Black "Novak, Ivan"]
[Result "1/2-1/2"]
[WhiteElo "2190"]
[BlackElo "2233"]
[PlyCount "137"]
[EventDate "2010.??.??"]
[WhiteTeam "Slovakia"]
[BlackTeam "Slovakia"]
[WhiteTeamCountry "SVK"]
[BlackTeamCountry "SVK"]

1. e4 Nc6 2. Nc3 Nf6 3. d4 d5 4. e5 Nd7 5. Be3 Ndxe5 6. dxe5 d4 7. Bd2 dxc3 8.
Bxc3 Qxd1+ 9. Rxd1 Bf5 10. Bd3 Bxd3 11. Rxd3 e6 12. Nf3 Bc5 13. Ke2 O-O 14.
Rhd1 h6 15. a3 a6 16. Rd7 Rac8 17. Ne1 g5 18. h4 Kg7 19. hxg5 hxg5 20. Nf3 Kg6
21. b4 Be7 22. Nd4 Nxd4+ 23. R1xd4 Rfe8 24. Rc4 c5 25. Rxb7 cxb4 26. Rxc8 Rxc8
27. axb4 Rxc3 28. Kd2 Bxb4 29. Rxb4 Rc5 30. Rb6 a5 31. Kd3 Rd5+ 32. Ke4 Rd2 33.
c4 Rxf2 34. g3 Rg2 35. Ra6 Rxg3 36. Rxa5 Rc3 37. Kd4 Rc1 38. Ra7 g4 39. c5 g3
40. Ra3 Kf5 41. Rxg3 Rd1+ 42. Rd3 Rxd3+ 43. Kxd3 Kxe5 44. Kc4 f5 45. Kb5 f4 46.
c6 f3 47. c7 f2 48. c8=Q f1=Q+ 49. Kb4 Qb1+ 50. Ka3 Qd3+ 51. Kb2 Qf5 52. Kc3
Kf4 53. Qd7 Qe5+ 54. Kc4 Ke3 55. Qd3+ Kf4 56. Qf1+ Kg5 57. Qg1+ Kf6 58. Qf2+
Qf5 59. Qd4+ e5 60. Qd8+ Kg6 61. Qg8+ Kf6 62. Qd8+ Kg7 63. Qe7+ Kg6 64. Qd6+
Kg5 65. Qd8+ Kg4 66. Qd1+ Qf3 67. Qd7+ Kg3 68. Qh7 Qf4+ 69. Kd3 1/2-1/2

[Event "SR 2. liga A 2010/2011"]
[Site "?"]
[Date "2011.02.05"]
[Round "33.5"]
[White "Flak, Juraj"]
[Black "Mikulas, Dusan"]
[Result "0-1"]
[WhiteElo "2029"]
[BlackElo "2122"]
[PlyCount "40"]
[EventDate "2010.??.??"]
[WhiteTeam "Slovakia"]
[BlackTeam "Slovakia"]
[WhiteTeamCountry "SVK"]
[BlackTeamCountry "SVK"]

1. e4 e5 2. Nf3 Nc6 3. Bb5 g6 4. O-O Bg7 5. Re1 Nge7 6. Nc3 O-O 7. d3 d6 8. Bg5
h6 9. Be3 f5 10. exf5 gxf5 11. Qe2 f4 12. Bd2 Bg4 13. Bxc6 Nxc6 14. Qe4 Bxf3
15. Qxf3 Nd4 16. Qd5+ Kh8 17. Rac1 c6 18. Qc4 Qg5 19. g3 Qg4 20. Kg2 d5 0-1

[Event "SR 2. liga A 2010/2011"]
[Site "?"]
[Date "2011.02.05"]
[Round "33.6"]
[White "Hecht, Tomas"]
[Black "Orosi, Peter"]
[Result "0-1"]
[WhiteElo "1994"]
[BlackElo "2004"]
[PlyCount "36"]
[EventDate "2010.??.??"]
[WhiteTeam "Slovakia"]
[BlackTeam "Slovakia"]
[WhiteTeamCountry "SVK"]
[BlackTeamCountry "SVK"]

1. e4 d5 2. exd5 Qxd5 3. Nc3 Qd6 4. d4 Nf6 5. Nf3 a6 6. Be2 b5 7. a3 Bb7 8. O-O
Nbd7 9. Bg5 e6 10. Qd2 h6 11. Bf4 Qb6 12. Rfe1 Bd6 13. Ne5 Rd8 14. Rad1 c5 15.
Nxd7 Rxd7 16. Bxd6 Qxd6 17. dxc5 Qxd2 18. Rxd2 Rxd2 0-1

[Event "SR 2. liga A 2010/2011"]
[Site "?"]
[Date "2011.02.05"]
[Round "33.7"]
[White "Vrba, Michal"]
[Black "Hefka, Vladimir"]
[Result "1/2-1/2"]
[WhiteElo "1999"]
[BlackElo "1991"]
[PlyCount "85"]
[EventDate "2010.??.??"]
[WhiteTeam "Slovakia"]
[BlackTeam "Slovakia"]
[WhiteTeamCountry "SVK"]
[BlackTeamCountry "SVK"]

1. e4 c5 2. g3 Nc6 3. Bg2 g6 4. Ne2 Bg7 5. c3 e5 6. d3 Nf6 7. Be3 Qe7 8. h3 O-O
9. O-O Rd8 10. c4 h6 11. Nbc3 d6 12. Qd2 Kh7 13. Kh2 Nd4 14. f4 Be6 15. Rf2 Rg8
16. Raf1 Raf8 17. Nd5 Bxd5 18. exd5 Nxe2 19. Rxe2 Nd7 20. f5 Nf6 21. Ref2 a6
22. a4 Rb8 23. fxg6+ fxg6 24. Be4 Rgf8 25. g4 Nxe4 26. dxe4 Rxf2+ 27. Rxf2 Rf8
28. Rxf8 Qxf8 29. Qf2 Qe8 30. b3 b5 31. axb5 axb5 32. h4 b4 33. h5 gxh5 34.
Qf5+ Qg6 35. gxh5 Qxf5 36. exf5 Bf6 37. Kg3 Kg7 38. Kg4 Kh7 39. Bd2 Kg7 40. Be3
Kh7 41. Kf3 Kg7 42. Kg4 Kh7 43. Kf3 1/2-1/2

[Event "SR 2. liga A 2010/2011"]
[Site "?"]
[Date "2011.02.05"]
[Round "33.8"]
[White "Kuna, Vladimir"]
[Black "Machalec, Vladimir"]
[Result "1-0"]
[WhiteElo "2051"]
[BlackElo "1950"]
[PlyCount "61"]
[EventDate "2010.??.??"]
[WhiteTeam "Slovakia"]
[BlackTeam "Slovakia"]
[WhiteTeamCountry "SVK"]
[BlackTeamCountry "SVK"]

1. d4 Nf6 2. Nf3 e6 3. c4 Bb4+ 4. Bd2 a5 5. a3 Be7 6. Nc3 d5 7. Bg5 O-O 8. e3
b6 9. cxd5 exd5 10. Bd3 Ba6 11. Rc1 Bxd3 12. Qxd3 Nbd7 13. O-O h6 14. Bf4 c6
15. h3 Rc8 16. Rc2 Ne8 17. Rfc1 Nb8 18. Nb5 Bd6 19. Na7 Rc7 20. Nxc6 Nxc6 21.
Rxc6 Bxf4 22. exf4 Rxc6 23. Rxc6 Nd6 24. Qb3 Nc8 25. Ne5 f6 26. Ng6 Re8 27. Qc2
Nd6 28. f5 Re1+ 29. Kh2 Nc4 30. Qc3 Qe8 31. Qxe1 1-0

[Event "SR 2. liga A 2010/2011"]
[Site "?"]
[Date "2011.02.05"]
[Round "34.1"]
[White "Vlcek, Stanislav"]
[Black "Pinter, Erik"]
[Result "1/2-1/2"]
[WhiteElo "2257"]
[BlackElo "2379"]
[PlyCount "21"]
[EventDate "2010.??.??"]
[WhiteTeam "Slovakia"]
[BlackTeam "Slovakia"]
[WhiteTeamCountry "SVK"]
[BlackTeamCountry "SVK"]

1. c4 g6 2. Nc3 c5 3. Nf3 Bg7 4. g3 Nc6 5. Bg2 d6 6. O-O Bd7 7. a3 Rb8 8. Rb1
a5 9. Nb5 Qb6 10. e3 Nf6 11. d3 1/2-1/2

[Event "SR 2. liga A 2010/2011"]
[Site "?"]
[Date "2011.02.05"]
[Round "34.2"]
[White "Kovac, Andrej"]
[Black "Petrik, Stanislav"]
[Result "0-1"]
[WhiteElo "2132"]
[BlackElo "2187"]
[PlyCount "98"]
[EventDate "2010.??.??"]
[WhiteTeam "Slovakia"]
[BlackTeam "Slovakia"]
[WhiteTeamCountry "SVK"]
[BlackTeamCountry "SVK"]

1. d4 {0} Nf6 2. c4 e6 3. Nf3 b6 4. g3 Ba6 5. Nbd2 c6 6. Bg2 d5 7. Ne5 Be7 8.
O-O O-O 9. Re1 Nfd7 10. Nxd7 Qxd7 11. b3 Bb4 12. Bb2 dxc4 13. bxc4 Bxd2 14.
Qxd2 Bxc4 15. Qc3 b5 16. a4 f6 17. axb5 Bxb5 18. Ra5 a6 19. Qa3 Ra7 20. Be4 Rc7
21. Bxh7+ Kf7 22. Bg6+ Kxg6 23. Qxf8 Rc8 24. Qc5 Qc7 25. Ra3 Rd8 26. Qc2+ Kf7
27. Bc3 Qd6 28. Raa1 Qd5 29. Ba5 Rh8 30. Qc5 Qe4 31. Qa7+ Kg6 32. Bc7 Nd7 33.
Bf4 c5 34. dxc5 Bc6 35. f3 Qd4+ 36. Kg2 e5 37. Rad1 Qa4 38. Be3 Qg4 39. Bg1
Qh3+ 40. Kf2 e4 41. Qxa6 Ne5 42. Qa2 Re8 43. Qc2 Kh6 44. Qc1+ Kh7 45. Qc2 Kh8
46. fxe4 Ng4+ 47. Kf3 f5 48. Rd4 fxe4+ 49. Rxe4 Rf8# 0-1

[Event "SR 2. liga A 2010/2011"]
[Site "?"]
[Date "2011.02.05"]
[Round "34.3"]
[White "Petrik, Karol"]
[Black "Madar, Martin"]
[Result "1/2-1/2"]
[WhiteElo "2075"]
[BlackElo "2117"]
[PlyCount "84"]
[EventDate "2010.??.??"]
[WhiteTeam "Slovakia"]
[BlackTeam "Slovakia"]
[WhiteTeamCountry "SVK"]
[BlackTeamCountry "SVK"]

1. d4 Nf6 2. Nf3 g6 3. g3 Bg7 4. Bg2 O-O 5. O-O d6 6. c4 Nbd7 7. Nc3 c6 8. b3
Re8 9. Bb2 e5 10. e3 Qc7 11. Rc1 Nf8 12. Ba3 Bf5 13. dxe5 dxe5 14. Bd6 Qb6 15.
c5 Qa5 16. Nxe5 Rad8 17. Qe2 Rxe5 18. Bxe5 Bd3 19. Qf3 Bxf1 20. Bxf6 Bxg2 21.
Kxg2 Bxf6 22. Qxf6 Re8 23. Na4 Qd2 24. Qb2 Qd5+ 25. Kg1 Ne6 26. h4 Qh5 27. b4
Rd8 28. Nc3 Qg4 29. a3 g5 30. Qe2 Qf5 31. g4 Qe5 32. Kg2 gxh4 33. Qf3 Ng5 34.
Qf5 h3+ 35. Kf1 Qe7 36. Rd1 Rxd1+ 37. Nxd1 Qd8 38. Nc3 h6 39. Kg1 Qd2 40. Ne4
Qe1+ 41. Kh2 Nxe4 42. Qxe4 Qxf2+ 1/2-1/2